00489 a2200169 450000100060000002000180000604000220002410000350004624000260008124500210010730000080012836200090013665000440014594200070018995201060019699900170030263838 a9788577430796 cAnchieta - Pituba aRoss, Jurandyr Luciano Sanches10aAmérica Latinalpor10aAmérica Latina a2880 a2008 4aGeografia e Viagens na América do Sul cBK 00104070a91.1b91.1d2023-11-21l0o918 A512a AMEp17434/PITr2023-11-21 18:32:17w2023-11-21yBK c63838d63838